Chinese Foods Picture Quiz - Statistics

General Stats
  • This quiz has been taken 333 times
  • The average score is 5 of 14
Answer Stats
Picture Answer % Correct
Tofu
96%
Dumplings
63%
Peking Duck
58%
Mooncake
56%
Spring Rolls
54%
Chow Mein
49%
Stir Fry
40%
Kung Pao Chicken
26%
Wontons
24%
Dim Sum
22%
Sesame Chicken
21%
Egg Waffle
15%
Dandan Noodles
8%
Jianbing
6%
No matching quizzes found
Score Distribution
Percent of People with Each Score
Percentile by Number Answered
Your Score History
You have not taken this quiz